| 000 | 02155nam0a2200313 i 4500 | ||
|---|---|---|---|
| 001 | RU\NLR\BIBL_A\011327228 | ||
| 005 | 20241104002430.0 | ||
| 010 | _a9785206009842 | ||
| 021 |
_aRU _b2017-3349 _9237 |
||
| 035 | _a(NLR Aleph) 011327228 | ||
| 090 |
_a11115117 _c11115117 |
||
| 100 | _a20170216d2016 k y0rusy50 ca | ||
| 101 | 0 | _arus | |
| 102 | _aRU | ||
| 105 | _ay z 100zy | ||
| 200 | 1 |
_aРоль парламентариев в условиях вызовов современного мира _eматериалы научно-практической конференции "Актуальные проблемы строительства и развития Союзного государства" (6-7 октября 2016 года, г. Сочи) _f[редакционная коллегия: Н.В. Арефьев и др.] |
|
| 210 |
_aМосква _cИзвестия _cСекретариат Парламентского Собрания Союза Беларуси и России _d2016 |
||
| 215 |
_a398, [1] с. _d20 |
||
| 300 | _aВ надзаг.: Парламентске Собрание Союза Беларуси и России | ||
| 320 | _aБиблиогр. в конце ст. и в подстроч. примеч. | ||
| 601 | 0 | 2 |
_aСоюз Беларуси и России _bПарламентское собрание _jСъезды, совещания и т.п _92136666 _3RU\NLR\AUTH\661288324 |
| 686 | 1 | _aХ915.282.09я431 | |
| 702 | 1 |
_4340 _7ca _8rus _aАрефьев _bН. В. _cгос. деятель _f1949- _gНиколай Васильевич _9171243 _3RU\NLR\AUTH\770171293 |
|
| 711 | 1 | 2 |
_a"Актуальные проблемы строительства и развития Союзного государства", научно-практическая конференция _eСочи _f2016 _9550383 _3RU\NLR\AUTH\880443209 |
| 942 | _cBOOK | ||
| 980 | _aNBR | ||